000 00818nam a22002658a 4500
008
020 _a0521572908 (hbk.)
049 _aMAIN
090 0 0 _aQA402.5
100 1 _aLuo, Zhi-Quan.
245 1 0 _aMathematical programs with equilibrium constraints /
_cZhi-Quan Luo, Jong-Shi Pang and Daniel Ralph.
260 _aNew York :
_bCambridge University Press,
_cc1996.
300 _axxiv, 401 p. ;
_c24 cm.
500 _aIncludes index.
504 _aIncludes bibliographical references.
650 0 _aMathematical optimization.
650 0 _aNonlinear programming.
700 1 _aPang, Jong-Shi.
700 1 _aRalph, Daniel.
907 _a.b10174746
_b13-10-05
_c08-09-05
003
005 20230123134105.0
040 _cNUST
942 _cBOOKS
_kQA402.5
999 _c159874
_d159874